Higher education facilities classification and inventory procedures manual. (Record no. 34779)

MARC details
000 -LEADER
fixed length control field 00894cam a22002411 4500
001 - CONTROL NUMBER
control field hew68000065
003 - CONTROL NUMBER IDENTIFIER
control field DLC
005 - DATE AND TIME OF LATEST TRANSACTION
control field 20260227111517.0
008 - FIXED-LENGTH DATA ELEMENTS--GENERAL INFORMATION
fixed length control field 730727s1968 dcua 000 0 eng
010 ## - LIBRARY OF CONGRESS CONTROL NUMBER
LC control number hew68000065 //r95
040 ## - CATALOGING SOURCE
Original cataloging agency DLC
Transcribing agency DLC
Modifying agency DLC
050 00 - LIBRARY OF CONGRESS CALL NUMBER
Classification number L112
Item number .N39
082 00 - DEWEY DECIMAL CLASSIFICATION NUMBER
Classification number 378.1/96/0202
110 10 - MAIN ENTRY--CORPORATE NAME
Corporate name or jurisdiction name as entry element United States.
Subordinate unit National Center for Educational Statistics.
-- Higher Education Studies Branch.
245 10 - TITLE STATEMENT
Title Higher education facilities classification and inventory procedures manual.
Statement of responsibility, etc. Nicholas A. Osso, editor. Charles T. Roberts, project coordinator.
260 0# - PUBLICATION, DISTRIBUTION, ETC.
Place of publication, distribution, etc. [Washington]
Name of publisher, distributor, etc. U.S. Office of Education; [for sale by the Supt. of Docs., U.S. Govt. Print. Off.,
Date of publication, distribution, etc. 1968]
300 ## - PHYSICAL DESCRIPTION
Extent viii, 102 p.
Other physical details illus.
Dimensions 27 cm.
350 ## - PRICE (NR) (BK AM CF MU VM SE) [OBSOLETE]
Price 1.50
500 ## - GENERAL NOTE
General note "OE 51016."
650 #0 - SUBJECT ADDED ENTRY--TOPICAL TERM
Topical term or geographic name entry element College facilities.
650 #0 - SUBJECT ADDED ENTRY--TOPICAL TERM
Topical term or geographic name entry element College buildings.
700 10 - ADDED ENTRY--PERSONAL NAME
Personal name Osso, Nicholas A.,
Relator term ed.

No items available.

Powered by Koha